000 00945nam a2200253 i 4500
003 DO-SdBNP
005 20230926103412.0
007 ta
008 150205s1998 dr r 000 0 spa d
040 _aDO-SdBNP
_bspa
_cBNPHU
_erda
082 4 _bR426
_222
110 1 _aRepública Dominicana
_9447
240 1 0 _a[Leyes]
245 1 0 _aLey No. 2859 ley general de cheques :
_bLey No. 708 ley general de bancos, ley No. 251 entrega de divisas al Banco Central /
264 1 _aMoca, República Dominicana :
_bDalis,
_c1998.
300 _a28 páginas
_c22 cm.
336 _2rdacontent
_atexto
_btxt
337 _2rdamedia
_asin mediación
_bn
338 _2rdacarrier
_avolumen
_bnc
505 _tLey No. 2859 ley general de cheques --
_tLey No. 708 ley general de bancos --
_tTransferencia internacional de fondos --
_tLey No. 251 entrega de divisas al Banco Central /
590 _aInventariado, 2023/ YL
910 _aYLockward
942 _2ddc
_cLF2
999 _c54939
_d54939